Catálogo
 En Linea

Asombros de sombras : (Registro nro. 45618)

Detalles MARC
000 -CABECERA
campo de control de longitud fija 01373nam a2200229 a 4500
001 - NÚMERO DE CONTROL
campo de control 000046129
005 - FECHA Y HORA DE LA ÚLTIMA TRANSACCIÓN
campo de control 20240412074305.0
008 - DATOS DE LONGITUD FIJA--INFORMACIÓN GENERAL
campo de control de longitud fija 150624s2009 dr 000 j spa d
020 ## - NÚMERO INTERNACIONAL ESTÁNDAR DEL LIBRO
Número Internacional Estándar del Libro 9993497460
040 ## - FUENTE DE LA CATALOGACIÓN
Centro catalogador/agencia de origen DO-SdBNP
Lengua de catalogación spa
Centro/agencia transcriptor BNPHU
082 ## - NÚMERO DE LA CLASIFICACIÓN DECIMAL DEWEY
Número de clasificación RD863.44
Número de documento/Ítem Z35a, 2009
100 1# - ENTRADA PRINCIPAL--NOMBRE DE PERSONA
Nombre de persona Zapata, César Augusto,
Fechas asociadas al nombre 1959 -
9 (RLIN) 72848
245 10 - MENCIÓN DE TÍTULO
Título Asombros de sombras :
Resto del título falsos rostros /
Mención de responsabilidad, etc. César Augusto Zapata.
250 ## - MENCIÓN DE EDICIÓN
Mención de edición 2a. ed.
260 ## - PUBLICACIÓN, DISTRIBUCIÓN, ETC.
Lugar de publicación, distribución, etc. Santo Domingo :
Nombre del editor, distribuidor, etc. Manatí,
Fecha de publicación, distribución, etc. 2009.
300 ## - DESCRIPCIÓN FÍSICA
Extensión 144 p. ;
Dimensiones 21 cm.
500 ## - NOTA GENERAL
Nota general Incluye datos biográficos del autor en la contracubierta.
505 0# - NOTA DE CONTENIDO CON FORMATO
Nota de contenido con formato Asombros de sombras : falsos rostros --
Título A summer afternoon dream --
-- Carta de amor para un final --
-- De este lado del sueño --
-- Defecto menor --
-- El último sueño --
-- El delito del cuerpo --
-- Voy de regreso a mí --
-- Monólogo al crepúsculo --
-- Espacios para no ver --
-- Estudios sobre el placer femenino --
-- Juego de fantasma --
-- Recuerdos de alquiler --
-- (N)hada en el espejo --
-- La tarde que Woody conoció a Hanna --
-- Manual para el goce en el imperio de los sentidos --
-- Metamorfosis parcial de los Landolfi --
-- Ultimo poema a la amargura --
-- Te espero allá, donde tú sabes --
-- Una mariposa gris reposa en la pared --
-- Viaje a lo finito.
650 #0 - PUNTO DE ACCESO ADICIONAL DE MATERIA--TÉRMINO DE MATERIA
Término de materia o nombre geográfico como elemento de entrada Cuentos dominicanos
9 (RLIN) 176
650 #0 - PUNTO DE ACCESO ADICIONAL DE MATERIA--TÉRMINO DE MATERIA
Término de materia o nombre geográfico como elemento de entrada Literatura dominicana.
9 (RLIN) 67
910 ## - DATOS DE OPCIÓN DEL USUARIO (OCLC)
Datos de opción del usuario Validado. Control de calidad MFF
Existencias
Estado de retiro Estado de pérdida No para préstamo Código de colección Localización permanente Ubicación/localización actual Ubicación en estantería Fecha de adquisición Número de inventario Total de préstamos Signatura topográfica completa Código de barras Fecha visto por última vez Precio válido a partir de Tipo de ítem Koha Nota pública
    Excluido de préstamo Patrimonio Dominicano Patrimonio Dominicano Patrimonio Dominicano Depósito 24.06.2015 LF1   RD863.44 Z35a, 2009 46129-10 25.06.2020 25.06.2020 Libro y Folleto Colección Patrimonio Dominicano Perteneció a la biblioteca personal Chiqui Vicioso / Fidelio D.

Con tecnología Koha